[Event "40th Olympiad Open"]
[Site "Istanbul TUR"]
[Date "2012.08.30"]
[Round "3.22"]
[Board "2"]
[White "Ly, Moulthun"]
[Black "Sharavdorj, Dashzegve"]
[Result "0-1"]
[WhiteTitle "IM"]
[BlackTitle "GM"]
[WhiteElo "2397"]
[BlackElo "2446"]
[WhiteTeam "Australia"]
[BlackTeam "Mongolia"]
[WhiteFideId "3204405"]
[BlackFideId "4900340"]
[EventDate "2012.08.28"]

1. e4 e6 2. f4 d5 3. e5 c5 4. Nf3 Nc6 5. c3 Nh6 6. Na3 a6 7. Nc2 b5 8. a4 Rb8 9.
axb5 axb5 10. Be2 Be7 11. O-O O-O 12. b3 Bd7 13. Kh1 b4 14. c4 dxc4 15. Bxc4 Na5
16. Ne3 Nxc4 17. Nxc4 Bc6 18. d3 Nf5 19. Be3 Nxe3 20. Nxe3 Qd7 21. Qe2 Rfd8 22.
Rad1 Ra8 23. Nc4 Qc7 24. Ng5 h6 25. Ne4 Rd4 26. Ncd6 Bxe4 27. Nb5 Qb7 28. Nxd4
Bd5 29. Nc2 Bxb3 30. Rb1 Ba2 31. Rb2 Bd5 32. Ne3 Ra3 33. f5 exf5 34. Nxf5 Bf8
35. Nd6 Qa6 36. d4 Qxe2 37. Rxe2 c4 38. Nxf7 c3 39. Ref2 Ra8 40. Nd6 b3 41. Nb5
c2 42. Nc3 Bc4 43. Rc1 Bd3 44. e6 b2 0-1

[Event "40th Olympiad Open"]
[Site "Istanbul TUR"]
[Date "2012.08.30"]
[Round "3.22"]
[Board "3"]
[White "Batchuluun, Tsegmed"]
[Black "Solomon, Stephen J."]
[Result "1/2-1/2"]
[WhiteTitle "GM"]
[BlackTitle "IM"]
[WhiteElo "2493"]
[BlackElo "2378"]
[WhiteTeam "Mongolia"]
[BlackTeam "Australia"]
[WhiteFideId "4900847"]
[BlackFideId "3200043"]
[EventDate "2012.08.28"]

1. d4 d5 2. c4 e6 3. Nf3 Nf6 4. g3 dxc4 5. Bg2 Nc6 6. Qa4 Bb4+ 7. Bd2 Nd5 8.
Bxb4 Nxb4 9. O-O Rb8 10. Nc3 a6 11. Ne5 O-O 12. Nxc6 Nxc6 13. Bxc6 bxc6 14. Qxc4
Qd6 15. Ne4 Qd5 16. Qxd5 exd5 17. Nc3 Bh3 18. Rfc1 Rxb2 19. Rab1 Rfb8 20. Rxb2
Rxb2 21. Rb1 Rb6 22. Rb3 Bf5 23. Na4 Rb5 24. Nc5 a5 25. f3 h5 26. Kf2 g5 27. h4
f6 28. Ke3 Kf7 29. Ra3 Bb1 30. Na4 Rb4 31. Nc5 Rb5 32. Na6 Kg6 33. Nc5 1/2-1/2

[Event "40th Olympiad Open"]
[Site "Istanbul TUR"]
[Date "2012.08.30"]
[Round "3.22"]
[Board "4"]
[White "Illingworth, Max"]
[Black "Munkhgal, Gombosuren"]
[Result "1-0"]
[WhiteTitle "FM"]
[BlackTitle "FM"]
[WhiteElo "2360"]
[BlackElo "2394"]
[WhiteTeam "Australia"]
[BlackTeam "Mongolia"]
[WhiteFideId "3205207"]
[BlackFideId "4901266"]
[EventDate "2012.08.28"]

1. e4 e6 2. d3 c5 3. Nf3 g6 4. d4 Bg7 5. dxc5 Qa5+ 6. c3 Qxc5 7. Na3 Nf6 8. Be3
Qc6 9. Nd4 Qxe4 10. Nab5 O-O 11. Nc7 b6 12. Be2 Qb7 13. Nxa8 Qxa8 14. O-O Bb7
15. f3 Nd5 16. Bf2 Nf4 17. Bb5 e5 18. Nc2 a6 19. Ba4 b5 20. Bb3 d5 21. a4 bxa4
22. Rxa4 Bc6 23. Ra5 Bb5 24. Re1 Nc6 25. Ra2 Nd3 26. Na3 Nxf2 27. Kxf2 Qa7+ 28.
Kg3 e4 29. Nxb5 Be5+ 30. Kh3 Qd7+ 31. g4 axb5 32. Rxe4 Bxh2 33. f4 Bg1 34. Qxd5
Qc8 35. Ra1 Ba7 36. Rd1 Na5 37. Ba2 h5 38. f5 Bb8 39. fxg6 Qc7 40. gxf7+ Kg7 41.
Qg5+ Kh7 42. Qg8+ 1-0

[Event "40th Olympiad Open"]
[Site "Istanbul TUR"]
[Date "2012.08.30"]
[Round "3.23"]
[Board "1"]
[White "Leitao, Rafael"]
[Black "Salem, A.R. Saleh"]
[Result "1/2-1/2"]
[WhiteTitle "GM"]
[BlackTitle "GM"]
[WhiteElo "2623"]
[BlackElo "2546"]
[WhiteTeam "Brazil"]
[BlackTeam "United Arab Emirates"]
[WhiteFideId "2101246"]
[BlackFideId "9301348"]
[EventDate "2012.08.28"]

1. d4 Nf6 2. c4 g6 3. Nf3 Bg7 4. g3 d5 5. cxd5 Nxd5 6. Bg2 Nb6 7. Nc3 Nc6 8. e3
O-O 9. O-O Re8 10. Re1 a5 11. Qe2 Be6 12. Nd2 Nb4 13. Rd1 c6 14. a3 N4d5 15.
Nce4 Bf5 16. Nc5 e5 17. dxe5 Qe7 18. Nd3 Bxd3 19. Qxd3 Qxe5 20. Qc2 Rad8 21. Nf1
Nc7 22. Rxd8 Rxd8 23. Rb1 Nb5 24. a4 Nc7 25. b4 Qc3 26. Qxc3 Bxc3 27. bxa5 Bxa5
28. Bb2 Ne6 29. Bf6 Rd7 30. Ra1 Nd5 31. Bxd5 Rxd5 32. e4 Rd7 33. Ne3 Nc5 34. Nc4
Bd8 35. Bxd8 Rxd8 36. e5 Rd4 37. Nd6 Rxa4 38. Rxa4 Nxa4 39. Nxb7 c5 40. Kf1 f6
41. exf6 Kf7 42. Ke2 Kxf6 43. Kd3 Ke5 44. Kc4 Nb2+ 45. Kc3 Nd1+ 46. Kd2 Nxf2 47.
Nxc5 Ne4+ 48. Nxe4 Kxe4 49. Ke2 g5 50. h3 h5 51. Kf2 Kd4 52. Ke2 Ke4 53. Kf2 Ke5 1/2-1/2

[Event "40th Olympiad Open"]
[Site "Istanbul TUR"]
[Date "2012.08.30"]
[Round "3.23"]
[Board "2"]
[White "AlHuwar, Jasem"]
[Black "Fier, Alexandr"]
[Result "0-1"]
[WhiteTitle "FM"]
[BlackTitle "GM"]
[WhiteElo "2285"]
[BlackElo "2582"]
[WhiteTeam "United Arab Emirates"]
[BlackTeam "Brazil"]
[WhiteFideId "9300465"]
[BlackFideId "2107139"]
[EventDate "2012.08.28"]

1. Nf3 c5 2. c4 Nc6 3. d4 cxd4 4. Nxd4 Qb6 5. Nb3 e6 6. Be3 Qb4+ 7. N1d2 Nf6 8.
a3 Qa4 9. Bg5 b5 10. e3 bxc4 11. Bxc4 Ne4 12. Bf4 d5 13. Bd3 e5 14. Bg3 Nxg3 15.
hxg3 Bg4 16. f3 Be6 17. Rh4 d4 18. exd4 Be7 19. Re4 f5 20. Re3 Nxd4 21. Rxe5
Bxb3 22. Nxb3 Qxb3 23. Bb5+ Qxb5 24. Rxb5 Nxb5 25. Qd5 Rb8 26. Kf1 Nd6 27. Re1
Kf8 28. Qe6 Re8 29. Qd7 Nf7 30. Qxa7 h5 31. b4 h4 32. g4 fxg4 33. fxg4 Rh6 34.
Re2 Rd6 35. b5 Rd1+ 36. Kf2 h3 37. Rxe7 Rxe7 38. Qa8+ Re8 39. Qf3 Rd2+ 0-1

[Event "40th Olympiad Open"]
[Site "Istanbul TUR"]
[Date "2012.08.30"]
[Round "3.23"]
[Board "3"]
[White "Milos, Gilberto"]
[Black "Faisal, Abdulla"]
[Result "1/2-1/2"]
[WhiteTitle "GM"]
[BlackTitle "CM"]
[WhiteElo "2593"]
[BlackElo "2245"]
[WhiteTeam "Brazil"]
[BlackTeam "United Arab Emirates"]
[WhiteFideId "2100029"]
[BlackFideId "9301232"]
[EventDate "2012.08.28"]

1. c4 Nf6 2. Nc3 e6 3. Nf3 Bb4 4. Qc2 O-O 5. a3 Bxc3 6. Qxc3 b6 7. b3 Bb7 8. Bb2
c5 9. e3 d6 10. Be2 e5 11. O-O Nbd7 12. d4 Re8 13. dxe5 dxe5 14. Rad1 Qe7 15.
Nh4 Ne4 16. Qe1 Nf8 17. f4 exf4 18. Bxg7 Ng3 19. hxg3 Qxe3+ 20. Kh1 Qxe2 21.
Qxe2 Rxe2 22. Bxf8 Kxf8 23. Rxf4 Rae8 24. Rd6 R8e6 25. Rd7 Re7 26. Rd8+ Re8 27.
Rd7 R8e7 28. Rd8+ Re8 29. Rd7 R8e7 30. Rd8+ Re8 31. Rd7 R8e7 1/2-1/2

[Event "40th Olympiad Open"]
[Site "Istanbul TUR"]
[Date "2012.08.30"]
[Round "3.24"]
[Board "1"]
[White "Mchedlishvili, Mikheil"]
[Black "Van Wely, Loek"]
[Result "1/2-1/2"]
[WhiteTitle "GM"]
[BlackTitle "GM"]
[WhiteElo "2659"]
[BlackElo "2691"]
[WhiteTeam "Georgia"]
[BlackTeam "Netherlands"]
[WhiteFideId "13600966"]
[BlackFideId "1000268"]
[EventDate "2012.08.28"]

1. d4 Nf6 2. Nf3 g6 3. c4 Bg7 4. g3 c6 5. Bg2 d5 6. cxd5 cxd5 7. Nc3 O-O 8. Ne5
e6 9. O-O Nfd7 10. f4 Nc6 11. Be3 f6 12. Nf3 Nb6 13. b3 Bd7 14. Bc1 f5 15. Ba3
Re8 16. Rc1 Bf8 17. Bxf8 Rxf8 18. Ne5 Qe7 19. e3 Nc8 20. Qd2 Nd6 21. Ne2 Rfc8
22. Rc2 Rc7 23. Rfc1 Rac8 24. Nxc6 Bxc6 25. Nc3 Kf8 26. Bf1 Ke8 27. Bd3 Kd8 28.
a4 Be8 29. Ne2 Rxc2 30. Rxc2 Rxc2 31. Qxc2 1/2-1/2

[Event "40th Olympiad Open"]
[Site "Istanbul TUR"]
[Date "2012.08.30"]
[Round "3.25"]
[Board "2"]
[White "Hossain, Enamul"]
[Black "Zhigalko, Andrey"]
[Result "1-0"]
[WhiteTitle "GM"]
[BlackTitle "GM"]
[WhiteElo "2480"]
[BlackElo "2582"]
[WhiteTeam "Bangladesh"]
[BlackTeam "Belarus"]
[WhiteFideId "10200649"]
[BlackFideId "13502247"]
[EventDate "2012.08.28"]

1. e4 c5 2. Nf3 d6 3. Bc4 Nf6 4. d3 Nc6 5. c3 g6 6. Bb3 Bg7 7. O-O O-O 8. h3 e5
9. Bg5 h6 10. Bxf6 Qxf6 11. Nbd2 Kh7 12. a3 Qd8 13. Ba2 f5 14. b4 g5 15. exf5
Bxf5 16. bxc5 d5 17. Ne1 e4 18. Rb1 exd3 19. Rxb7 Na5 20. Rb5 Bxc3 21. Nb1 Bg7
22. Nxd3 a6 23. Rb4 Qc7 24. h4 Qf7 25. Ne1 Rad8 26. hxg5 hxg5 27. Nf3 Qf6 28.
Rb6 Qe7 29. Rxa6 Nc4 30. Nd4 Qxc5 31. Nxf5 Rxf5 32. Qd3 Qc8 33. Ra8 Qxa8 34.
Qxf5+ Kh6 35. Qe6+ Kh7 36. Bxc4 dxc4 37. Qxc4 Qd5 38. Qg4 Kg6 39. Re1 Qf5 40.
Qxf5+ Kxf5 41. Kf1 Bb2 42. Ke2 Ra8 43. Rd1 Bxa3 44. Rd5+ Kg6 45. Nd2 Re8+ 46.
Kd3 Rf8 47. Ne4 Rf5 48. Rd7 g4 49. Rc7 Bf8 50. Rc6+ Kf7 51. Ke3 Kg7 52. Rc7+ Kg6
53. Rc6+ Kg7 54. Nd6 Rd5 55. Ne8+ Kf7 56. Nf6 Rc5 57. Nxg4 Rxc6 58. Ne5+ Ke6 59.
Nxc6 Kd5 60. Na5 Bc5+ 61. Ke2 1-0

[Event "40th Olympiad Open"]
[Site "Istanbul TUR"]
[Date "2012.08.30"]
[Round "3.25"]
[Board "3"]
[White "Stupak, Kirill"]
[Black "Murshed, Niaz"]
[Result "1-0"]
[WhiteTitle "GM"]
[BlackTitle "GM"]
[WhiteElo "2523"]
[BlackElo "2462"]
[WhiteTeam "Belarus"]
[BlackTeam "Bangladesh"]
[WhiteFideId "13503758"]
[BlackFideId "10200010"]
[EventDate "2012.08.28"]

1. d4 d5 2. Nf3 Nf6 3. c4 e6 4. g3 dxc4 5. Bg2 Bb4+ 6. Bd2 a5 7. O-O O-O 8. Bxb4
axb4 9. Ne5 Nc6 10. Nxc6 bxc6 11. Bxc6 Ra5 12. Bf3 Ba6 13. Qd2 Qd6 14. Rc1 Rd8
15. Qe1 Qb6 16. Nd2 Rxd4 17. e3 Rd7 18. Rxc4 c5 19. Rcc1 Bd3 20. Be2 Ra8 21.
Bxd3 Rxd3 22. Nb3 Ne4 23. Qe2 Rad8 24. Rc2 h6 25. Re1 R3d5 26. Kg2 Qd6 27. Rec1
Rd1 28. Rxd1 Qxd1 29. Qxd1 Rxd1 30. f3 Nf6 31. Nxc5 Nd5 32. Re2 Ra1 33. e4 Nc7
34. Nd3 Na6 35. b3 Rd1 36. Nf2 Rc1 37. Rd2 Nc5 38. Nd1 g5 39. Ne3 Rc3 40. Nd1
Rd3 41. Rxd3 Nxd3 42. Kf1 Kg7 43. Ke2 Nc1+ 44. Kd2 Nxa2 45. e5 f6 46. Kc2 1-0

[Event "40th Olympiad Open"]
[Site "Istanbul TUR"]
[Date "2012.08.30"]
[Round "3.25"]
[Board "4"]
[White "Reefat, Bin-Sattar"]
[Black "Kovalev, Vladislav"]
[Result "0-1"]
[WhiteTitle "GM"]
[BlackTitle "IM"]
[WhiteElo "2448"]
[BlackElo "2485"]
[WhiteTeam "Bangladesh"]
[BlackTeam "Belarus"]
[WhiteFideId "10200207"]
[BlackFideId "13504398"]
[EventDate "2012.08.28"]

1. e4 e5 2. Nf3 Nc6 3. Bc4 Nf6 4. d3 Be7 5. O-O O-O 6. Re1 d6 7. a4 Na5 8. Ba2
c5 9. Nc3 a6 10. Bd2 Bd7 11. Nd5 Nxd5 12. exd5 b6 13. c3 Bg4 14. h3 Bh5 15. b4
Nb7 16. bxc5 Nxc5 17. d4 Nd7 18. g4 Bg6 19. Bb1 f5 20. dxe5 fxg4 21. Nd4 Bh4 22.
Bxg6 Bxf2+ 23. Kh1 hxg6 24. exd6 Bxe1 25. Qxe1 Nc5 26. Qe7 Rf7 27. Qxd8+ Rxd8
28. hxg4 Ne4 29. Be1 Nxd6 30. Ne6 Rdd7 31. Rd1 Nc4 32. Ng5 Rf1+ 0-1

[Event "40th Olympiad Open"]
[Site "Istanbul TUR"]
[Date "2012.08.30"]
[Round "3.26"]
[Board "1"]
[White "Amanov, Mesgen"]
[Black "Ragger, Markus"]
[Result "1/2-1/2"]
[WhiteTitle "GM"]
[BlackTitle "GM"]
[WhiteElo "2516"]
[BlackElo "2670"]
[WhiteTeam "Turkmenistan"]
[BlackTeam "Austria"]
[WhiteFideId "14000652"]
[BlackFideId "1610856"]
[EventDate "2012.08.28"]

1. d4 Nf6 2. c4 g6 3. Nf3 Bg7 4. g3 d5 5. cxd5 Nxd5 6. Bg2 Nb6 7. Nc3 Nc6 8. e3
O-O 9. O-O Re8 10. Re1 a5 11. Qe2 Be6 12. Nd2 Nb4 13. Rd1 c6 14. b3 a4 15. Rb1
axb3 16. axb3 N6d5 17. Bb2 Nxc3 18. Bxc3 Nd5 19. Bb2 Ra2 20. Rdc1 Qb6 21. Ne4
Qxb3 22. Nc5 Qb4 23. Nxe6 fxe6 24. Bh3 Nc7 25. Bf1 Rea8 26. Qc2 Qd6 27. Bc4 R2a7
28. Rd1 Kh8 29. e4 Rd8 30. Bc3 b5 31. Bb3 Raa8 32. Rbc1 Qd7 33. d5 exd5 34.
Bxg7+ Kxg7 35. Qxc6 Qxc6 36. Rxc6 Ra7 37. exd5 Ne8 38. Rb6 Nd6 39. Bc2 Rc8 40.
Rc6 Rxc6 41. dxc6 Rc7 42. Be4 Nxe4 43. Rd7 Rxc6 44. Rxe7+ Kf6 45. Rxe4 Rb6 46.
Rb4 Ke5 47. Kf1 Kd5 48. Ke2 Kc5 49. Rh4 h5 50. Kd3 Rf6 51. f4 Rd6+ 52. Kc2 Rf6
53. Kc3 Rf5 54. Kb3 Kd4 55. Kb4 Ke4 56. Kb3 Kd5 57. Kb4 Kc6 58. Rh3 Kb6 59. Rh4
Kc6 60. Rh3 Rd5 61. Kc3 Rc5+ 62. Kb3 Kd7 63. g4 hxg4 64. Rg3 Ke6 65. Rxg4 Kf6
66. Kb4 Rh5 67. Rg2 Rd5 68. Rg4 Rf5 69. Ka5 Kg7 70. Rh4 Rd5 71. Kb4 Kf6 72. Rg4
Rf5 73. Ka5 Kf7 74. Kb4 Kg7 75. Rh4 Kf6 76. Rg4 Rh5 77. Rg2 Kf5 78. Kxb5 Kxf4+
79. Kc4 g5 80. Kd3 Rh3+ 81. Ke2 Ra3 82. Kf1 Ra1+ 83. Kf2 g4 84. Rg3 Ra2+ 85. Kg1
Ra1+ 1/2-1/2

[Event "40th Olympiad Open"]
[Site "Istanbul TUR"]
[Date "2012.08.30"]
[Round "3.26"]
[Board "3"]
[White "Atabayev, Maksat"]
[Black "Shengelia, David"]
[Result "1-0"]
[WhiteTitle "FM"]
[BlackTitle "GM"]
[WhiteElo "2402"]
[BlackElo "2545"]
[WhiteTeam "Turkmenistan"]
[BlackTeam "Austria"]
[WhiteFideId "14001101"]
[BlackFideId "13601270"]
[EventDate "2012.08.28"]

1. e4 d6 2. d4 Nf6 3. Nc3 g6 4. Nf3 Bg7 5. Be2 O-O 6. O-O c6 7. a4 Nbd7 8. h3
Qa5 9. Bd2 Qc7 10. Be3 e5 11. dxe5 dxe5 12. Bc4 b6 13. Qe2 a6 14. Rfd1 Bb7 15.
Bb3 b5 16. axb5 axb5 17. Rxa8 Rxa8 18. Qd3 h6 19. Nh4 Nf8 20. Bc5 Nh5 21. Bxf8
Rxf8 22. Nxg6 Nf4 23. Nxf4 exf4 24. Qd7 Qb8 25. Qe7 f3 26. gxf3 Bc8 27. Rd6 Bxh3
28. e5 Qc8 29. e6 Kh8 30. exf7 Qf5 31. Qh4 h5 32. Qg3 Kh7 33. Ne4 Bg4 34. Be6
Qe5 35. fxg4 1-0

[Event "40th Olympiad Open"]
[Site "Istanbul TUR"]
[Date "2012.08.30"]
[Round "3.26"]
[Board "4"]
[White "Neubauer, Martin"]
[Black "Atabayev, Yusup"]
[Result "1-0"]
[WhiteTitle "IM"]
[BlackTitle "FM"]
[WhiteElo "2442"]
[BlackElo "2411"]
[WhiteTeam "Austria"]
[BlackTeam "Turkmenistan"]
[WhiteFideId "1602675"]
[BlackFideId "14001128"]
[EventDate "2012.08.28"]

1. d4 Nf6 2. c4 c5 3. d5 e6 4. Nc3 exd5 5. cxd5 d6 6. Nf3 g6 7. Bf4 a6 8. a4 Bg7
9. h3 O-O 10. e3 Re8 11. Nd2 Bf5 12. Be2 Be4 13. Nc4 Bxg2 14. Rh2 Be4 15. Nxd6
Re7 16. f3 Bf5 17. Nxf5 gxf5 18. Qd3 Qd7 19. Rg2 Nh5 20. Bh6 f4 21. Bxg7 Qxh3
22. Bf6+ Qxg2 23. Bxe7 Qg1+ 24. Bf1 Qg3+ 25. Kd2 Qf2+ 26. Be2 Nd7 27. Rh1 Ne5
28. Rxh5 Nxf3+ 29. Kc1 Qg1+ 30. Nd1 1-0

[Event "40th Olympiad Open"]
[Site "Istanbul TUR"]
[Date "2012.08.30"]
[Round "3.28"]
[Board "3"]
[White "Ringoir, Tanguy"]
[Black "Gonzalez, Bernal"]
[Result "0-1"]
[WhiteTitle "IM"]
[BlackTitle "IM"]
[WhiteElo "2448"]
[BlackElo "2413"]
[WhiteTeam "Belgium"]
[BlackTeam "Costa Rica"]
[WhiteFideId "208027"]
[BlackFideId "6500170"]
[EventDate "2012.08.28"]

1. d4 d5 2. c4 c6 3. Nc3 Nf6 4. e3 g6 5. Nf3 Bg7 6. Be2 O-O 7. O-O Bg4 8. cxd5
Nxd5 9. h3 Bf5 10. Bd2 Nxc3 11. Bxc3 Nd7 12. g4 Be6 13. Ng5 Bd5 14. e4 h6 15.
exd5 hxg5 16. Bf3 cxd5 17. Bxd5 Rb8 18. Bg2 Nb6 19. d5 Bxc3 20. bxc3 Rc8 21. a4
Qd6 22. a5 Nc4 23. Qd4 Rc5 24. Rae1 Rfc8 25. Re2 Rxa5 26. Rfe1 Rc7 27. h4 gxh4
28. Re6 fxe6 29. Rxe6 Ra1+ 30. Bf1 Ne5 31. Kg2 h3+ 32. Kg3 0-1

[Event "40th Olympiad Open"]
[Site "Istanbul TUR"]
[Date "2012.08.30"]
[Round "3.28"]
[Board "4"]
[White "Murillo Tsijli, Alexis"]
[Black "Hautot, Stephane"]
[Result "1/2-1/2"]
[WhiteTitle "IM"]
[BlackTitle "IM"]
[WhiteElo "2278"]
[BlackElo "2375"]
[WhiteTeam "Costa Rica"]
[BlackTeam "Belgium"]
[WhiteFideId "6500218"]
[BlackFideId "202282"]
[EventDate "2012.08.28"]

1. Nf3 d5 2. b3 Nf6 3. Bb2 Bf5 4. g3 e6 5. Bg2 Be7 6. c4 c6 7. d3 h6 8. O-O Nbd7
9. Nbd2 O-O 10. Rc1 Re8 11. Rc2 a5 12. Bc3 a4 13. Qb1 axb3 14. axb3 Bg6 15. Ra2
b5 16. Rxa8 Qxa8 17. cxb5 cxb5 18. Qb2 b4 19. Bd4 Bd6 20. Qb1 e5 21. Ba1 Qa6 22.
Nh4 Bh7 23. Bh3 e4 24. Bf5 exd3 25. exd3 Bxf5 26. Nxf5 Be5 27. Bxe5 Rxe5 28. d4
Re2 29. Nf3 Qe6 30. Qd3 Rb2 31. h3 Ne4 32. g4 Kh7 33. Ng3 g6 34. Ne2 Kg7 35. Qe3
Qf6 36. Nf4 Nc3 37. Re1 Nf8 38. h4 Qd6 39. Ne5 Ne6 40. Nexg6 Ne4 41. Nd3 Rxb3
42. Nge5 f6 43. Nf3 Qa6 44. Rd1 Qc4 45. g5 hxg5 46. hxg5 fxg5 47. Nfe5 Qxd4 48.
Qf3 Nd6 49. Nc5 Qxe5 50. Nxe6+ Qxe6 51. Qxb3 Nc4 52. Qg3 Kh6 53. Ra1 Nd2 54. Kh2 1/2-1/2

[Event "40th Olympiad Open"]
[Site "Istanbul TUR"]
[Date "2012.08.30"]
[Round "3.29"]
[Board "1"]
[White "Abdulwahhab, Ahmed Abdulsattar A"]
[Black "Georgiev, Vladimir"]
[Result "0-1"]
[WhiteTitle "FM"]
[BlackTitle "GM"]
[WhiteElo "2314"]
[BlackElo "2566"]
[WhiteTeam "Iraq"]
[BlackTeam "FYROM"]
[WhiteFideId "4801849"]
[BlackFideId "2903024"]
[EventDate "2012.08.28"]

1. e4 e5 2. Nf3 Nc6 3. d4 exd4 4. Bc4 Bc5 5. c3 Nf6 6. O-O Nxe4 7. cxd4 d5 8.
dxc5 dxc4 9. Qxd8+ Kxd8 10. Rd1+ Bd7 11. Be3 Kc8 12. Na3 Be6 13. Nd4 c3 14. b3
a5 15. Nxc6 bxc6 16. Bd4 a4 17. b4 Rb8 18. Nc2 Rd8 19. f3 Nf6 20. Bxf6 Rxd1+ 21.
Rxd1 gxf6 22. a3 Kb7 23. Rd3 Bb3 24. Rxc3 Rd8 25. Ne3 Rd2 26. Ng4 Ra2 27. Nxf6
Rxa3 28. h4 Ra1+ 29. Kh2 Rb1 30. Ne4 a3 31. Nd2 a2 32. Rxb3 a1=Q 33. Rxb1 Qa2
34. Re1 Qxd2 35. Re4 f5 36. Rc4 Ka6 37. Kg3 Kb5 38. Rf4 Qe1+ 39. Kh2 Qe5 40. g3
Qxf4 0-1

[Event "40th Olympiad Open"]
[Site "Istanbul TUR"]
[Date "2012.08.30"]
[Round "3.29"]
[Board "2"]
[White "Nedev, Trajko"]
[Black "Ahmed, Ali Layth Ahmed"]
[Result "1-0"]
[WhiteTitle "GM"]
[BlackTitle "FM"]
[WhiteElo "2494"]
[BlackElo "2360"]
[WhiteTeam "FYROM"]
[BlackTeam "Iraq"]
[WhiteFideId "15000605"]
[BlackFideId "4801920"]
[EventDate "2012.08.28"]

1. e4 c6 2. d4 d5 3. e5 Bf5 4. h4 h5 5. c4 e6 6. Nc3 dxc4 7. Bxc4 Nd7 8. Nge2
Nb6 9. Bb3 Ne7 10. Bg5 Qd7 11. O-O Ned5 12. Ng3 Bg6 13. Nce4 Nc8 14. Rc1 Be7 15.
Nc5 Bxc5 16. Rxc5 Nce7 17. Bc2 Bxc2 18. Rxc2 f6 19. Bc1 O-O-O 20. Re1 Ng6 21.
Ne4 fxe5 22. dxe5 Rdf8 23. Nc5 Qf7 24. Bg5 Nge7 25. Qd4 Nf5 26. Qc4 Kb8 27. b4
Rc8 28. a4 g6 29. Rb1 b6 30. Ne4 Qc7 31. Nf6 Kb7 32. Qe4 Nfe7 33. Rbc1 Rhf8 34.
a5 Nxf6 35. exf6 Nd5 36. b5 c5 37. Qxe6 Qf7 38. Qe4 Rce8 39. Qf3 Re5 40. axb6
axb6 41. Ra2 Ra8 42. Rxa8 Kxa8 43. Ra1+ Kb7 44. Qa3 Nc7 45. Qa7+ Kc8 46. Qxb6 c4
47. Ra7 1-0

[Event "40th Olympiad Open"]
[Site "Istanbul TUR"]
[Date "2012.08.30"]
[Round "3.29"]
[Board "3"]
[White "Al-Ali, Hussein Ali Hussein"]
[Black "Bogdanovski, Vlatko"]
[Result "0-1"]
[WhiteTitle "IM"]
[BlackTitle "GM"]
[WhiteElo "2329"]
[BlackElo "2448"]
[WhiteTeam "Iraq"]
[BlackTeam "FYROM"]
[WhiteFideId "4800192"]
[BlackFideId "15000206"]
[EventDate "2012.08.28"]

1. d4 Nf6 2. c4 e6 3. Nf3 Bb4+ 4. Nbd2 d6 5. a3 Bxd2+ 6. Qxd2 Nbd7 7. e3 e5 8.
Qc2 O-O 9. Be2 Re8 10. b4 e4 11. Nd2 c6 12. Nb3 Nb6 13. h3 Be6 14. Na5 Qd7 15.
c5 Nc8 16. Bd2 Ne7 17. cxd6 Nf5 18. Nb3 b6 19. a4 Nh4 20. Kf1 Qxd6 21. Nc1 Red8
22. Be1 Rac8 23. Na2 c5 24. dxc5 bxc5 25. b5 Qe5 26. Nc3 c4 27. Rc1 Rd3 28. Nxe4
Qxe4 29. f3 Qxe3 30. Bf2 Qe5 31. Bxh4 Nd5 32. Bf2 Nb4 33. Qb1 Rd2 34. Qe4 Qxe4
35. fxe4 Na2 36. Be3 Rb2 37. Ra1 c3 38. Kf2 Bc4 39. Rhe1 Nb4 40. Bd4 Nd3+ 41.
Ke3 Nxe1 42. Bxc4 Nc2+ 43. Kd3 0-1

[Event "40th Olympiad Open"]
[Site "Istanbul TUR"]
[Date "2012.08.30"]
[Round "3.29"]
[Board "4"]
[White "Kizov, Atanas"]
[Black "Salih, Akar Ali Salih"]
[Result "1/2-1/2"]
[WhiteTitle "IM"]
[BlackTitle "FM"]
[WhiteElo "2418"]
[BlackElo "2282"]
[WhiteTeam "FYROM"]
[BlackTeam "Iraq"]
[WhiteFideId "15001270"]
[BlackFideId "4800575"]
[EventDate "2012.08.28"]

1. d4 Nf6 2. c4 c5 3. d5 e6 4. Nc3 exd5 5. cxd5 d6 6. e4 g6 7. h3 Bg7 8. Bd3 O-O
9. Bg5 Nbd7 10. Nf3 a6 11. a4 Rb8 12. O-O Qc7 13. a5 c4 14. Bc2 b5 15. axb6 Rxb6
16. Ra2 Nc5 17. Be3 Nfd7 18. Bd4 Qb8 19. Bxg7 Kxg7 20. Qd4+ Kg8 21. Nb1 Rb4 22.
Qc3 Nd3 23. Bxd3 cxd3 24. Nbd2 Nc5 25. e5 Na4 26. Qxd3 dxe5 27. b3 Bf5 28. Qe3
Nb6 29. Qxe5 Qxe5 30. Nxe5 Nxd5 31. Rxa6 Bc2 32. Ra7 Bxb3 33. Nxb3 Rxb3 34. Rd1
Nf6 1/2-1/2

[Event "40th Olympiad Open"]
[Site "Istanbul TUR"]
[Date "2012.08.30"]
[Round "3.30"]
[Board "1"]
[White "Shukuraliev, Algis"]
[Black "Zhang, Zhong"]
[Result "0-1"]
[BlackTitle "GM"]
[WhiteElo "2360"]
[BlackElo "2595"]
[WhiteTeam "Kyrgyzstan"]
[BlackTeam "Singapore"]
[WhiteFideId "13800426"]
[BlackFideId "8600694"]
[EventDate "2012.08.28"]

1. d4 d5 2. c4 e6 3. Nc3 Bb4 4. Nf3 Nf6 5. Bg5 h6 6. Bxf6 Qxf6 7. e3 O-O 8. Qb3
c5 9. a3 Ba5 10. Be2 cxd4 11. exd4 Nc6 12. Rd1 dxc4 13. Qxc4 Rd8 14. O-O Bb6 15.
Ne4 Qf5 16. Nc3 Qf6 17. Ne4 Qf5 18. Nc3 Bd7 19. d5 exd5 20. Rxd5 Qf6 21. Rdd1
Be6 22. Qe4 Rac8 23. Rxd8+ Rxd8 24. Bc4 Bxc4 25. Qxc4 Ne5 26. Nxe5 Qxe5 27. Rd1
Rxd1+ 28. Nxd1 Qe1+ 29. Qf1 Qd2 30. g3 Bd4 31. b4 b5 32. Kg2 a6 33. h3 Bb6 34.
Kf3 Qd5+ 35. Ke2 Qa2+ 36. Kf3 Qxa3+ 37. Kg2 Qxb4 38. Qe2 Qc4 39. Qe8+ Kh7 40.
Qd7 b4 41. Qb7 Bc5 42. Nb2 Qc2 43. Qxf7 Bd4 44. Nc4 b3 45. Na3 Qe4+ 46. Kh2 Qd3
47. Qd5 b2 48. Qd6 Qxa3 49. Qxa3 b1=Q 0-1

[Event "40th Olympiad Open"]
[Site "Istanbul TUR"]
[Date "2012.08.30"]
[Round "3.30"]
[Board "2"]
[White "Goh, Wei Ming Kevin"]
[Black "Maznitsin, A"]
[Result "0-1"]
[WhiteTitle "IM"]
[WhiteElo "2437"]
[BlackElo "2283"]
[WhiteTeam "Singapore"]
[BlackTeam "Kyrgyzstan"]
[WhiteFideId "5800706"]
[BlackFideId "13800302"]
[EventDate "2012.08.28"]

1. e4 c6 2. d4 d5 3. Nd2 dxe4 4. Nxe4 Bf5 5. Ng3 Bg6 6. h4 h6 7. N1e2 Nf6 8. Nf4
Bh7 9. c3 e5 10. Qe2 e4 11. Rh3 Qe7 12. Qc4 Nbd7 13. Be2 O-O-O 14. Qb3 Nb6 15.
a4 g5 16. hxg5 hxg5 17. Nfh5 Nxh5 18. Rxh5 f6 19. Bg4+ Kb8 20. Qe6 Nd5 21. Be3
Nf4 22. Qxe7 Bxe7 23. Rh2 f5 24. Rxh7 Rxh7 25. Bxf5 Rh2 26. Bxe4 Nxg2+ 27. Bxg2
Rxg2 28. Ke2 Bd6 29. Ne4 Be7 30. Rh1 Rg4 31. Ng3 Rf8 32. Rh7 Bd6 33. Nf1 Rg2 34.
Kd3 Bf4 35. Nd2 Bxe3 36. fxe3 Rg8 37. Nc4 g4 38. b4 g3 39. a5 0-1